Examining DHS Science and Technology Directorate's engagement with academia and industry : hearing before the Subcommittee on Cybersecurity, Infrastructure Protection, and Security Technologies of the Committee on Homeland Security, House of Representatives, One Hundred Fourteenth Congress, first session, May 19, 2015.
| Corporate Author: | |
|---|---|
| Format: | Government Document eBook |
| Language: | English |
| Published: |
Washington :
U.S. Government Publishing Office,
2015.
|
| Subjects: | |
| Online Access: | PDF version: Text version: PDF version: Text version: |
MARC
| Tag | First Indicator | Second Indicator | Subfields |
|---|---|---|---|
| LEADER | 00000cam a2200000 i 4500 | ||
| 001 | in00003612921 | ||
| 005 | 20210430161040.0 | ||
| 006 | m o d f | ||
| 007 | cr ||||||||||| | ||
| 008 | 151119s2015 dcu ob f000 0 eng c | ||
| 035 | |a (OCoLC)ocn929988136 | ||
| 042 | |a pcc | ||
| 043 | |a n-us--- | ||
| 040 | |a GPO |b eng |e rda |e pn |c GPO |d GPO |d STF |d OCLCF |d OCLCO |d COO |d OCLCO |d GPO |d MvI | ||
| 049 | |a WWW | ||
| 050 | 1 | 4 | |a KF27 |b .H572 2015b |
| 074 | |a 1018-E (online) | ||
| 086 | 0 | |a Y 4.H 75:114-17 | |
| 088 | |a Serial no. 114-17 (United States. Congress. House. Committee on Homeland Security) | ||
| 110 | 1 | |a United States. |b Congress. |b House. |b Committee on Homeland Security. |b Subcommittee on Cybersecurity, Infrastructure Protection, and Security Technologies, |e author. | |
| 245 | 1 | 0 | |a Examining DHS Science and Technology Directorate's engagement with academia and industry : |b hearing before the Subcommittee on Cybersecurity, Infrastructure Protection, and Security Technologies of the Committee on Homeland Security, House of Representatives, One Hundred Fourteenth Congress, first session, May 19, 2015. |
| 246 | 3 | |a Examining Department of Homeland Security Science and Technology Directorate's engagement with academia and industry | |
| 264 | 1 | |a Washington : |b U.S. Government Publishing Office, |c 2015. | |
| 300 | |a 1 online resource (iii, 33 pages) | ||
| 336 | |a text |b txt |2 rdacontent | ||
| 337 | |a computer |b c |2 rdamedia | ||
| 338 | |a online resource |b cr |2 rdacarrier | ||
| 500 | |a Title from title screen (viewed on Nov. 19, 2015). | ||
| 500 | |a Paper version available for sale by the Superintendent of Documents, United States Government Publishing Office. | ||
| 500 | |a "Serial no. 114-17." | ||
| 610 | 1 | 0 | |a United States. |b Department of Homeland Security. |b Science and Technology Directorate. |
| 650 | 0 | |a Public-private sector cooperation |z United States. | |
| 650 | 0 | |a Federal aid to research |z United States. | |
| 650 | 0 | |a Research and development contracts, Government |z United States. | |
| 650 | 0 | |a National security |z United States. | |
| 610 | 1 | 7 | |a United States. |b Department of Homeland Security. |b Science and Technology Directorate. |2 fast |0 (OCoLC)fst01802761 |
| 650 | 7 | |a Federal aid to research. |2 fast |0 (OCoLC)fst00922270 | |
| 650 | 7 | |a National security. |2 fast |0 (OCoLC)fst01033711 | |
| 650 | 7 | |a Public-private sector cooperation. |2 fast |0 (OCoLC)fst01083445 | |
| 650 | 7 | |a Research and development contracts, Government. |2 fast |0 (OCoLC)fst01095266 | |
| 651 | 7 | |a United States. |2 fast |0 (OCoLC)fst01204155 | |
| 655 | 7 | |a Legislative hearings. |2 fast |0 (OCoLC)fst01910825 | |
| 655 | 7 | |a Legislative hearings. |2 lcgft | |
| 776 | 0 | 8 | |i Print version: |a United States. Congress. House. Committee on Homeland Security. Subcommittee on Cybersecurity, Infrastructure Protection, and Security Technologies. |t Examining DHS Science and Technology Directorate's engagement with academia and industry |w (OCoLC)930028177 |
| 776 | 0 | 8 | |i Microfiche version: |a United States. Congress. House. Committee on Homeland Security. Subcommittee on Cybersecurity, Infrastructure Protection, and Security Technologies. |t Examining DHS Science and Technology Directorate's engagement with academia and industry |w (OCoLC)945920452 |
| 856 | 4 | 0 | |3 PDF version: |u https://purl.fdlp.gov/GPO/gpo62950 |t 0 |
| 856 | 4 | 0 | |3 Text version: |u https://purl.fdlp.gov/GPO/gpo62952 |t 0 |
| 856 | 4 | 0 | |3 PDF version: |u http://purl.fdlp.gov/GPO/gpo62950 |t 0 |
| 856 | 4 | 0 | |3 Text version: |u http://purl.fdlp.gov/GPO/gpo62952 |t 0 |
| 999 | f | f | |s 2ce68f97-5468-3347-bd59-5136260ee552 |i 17773c27-c956-339d-b4bf-d8b0e5326466 |t 0 |
| 952 | f | f | |a Texas A&M University |b College Station |c Electronic Resources |d Available Online |t 0 |e Y 4.H 75:114-17 |h Superintendent of Documents classification |
| 998 | f | f | |a Y 4.H 75:114-17 |t 0 |l Available Online |